Interest rates in Kenya (Record no. 2705)
[ view plain ]
| 000 -LEADER | |
|---|---|
| fixed length control field | 00414nam a22001217a 4500 |
| 008 - FIXED-LENGTH DATA ELEMENTS--GENERAL INFORMATION | |
| fixed length control field | 230626b xxu||||| |||| 00| 0 eng d |
| 082 ## - DEWEY DECIMAL CLASSIFICATION NUMBER | |
| Classification number | 332.82 |
| Item number | KIM |
| 100 ## - MAIN ENTRY--PERSONAL NAME | |
| Titles and words associated with a name | Prof.J.H Kimura |
| 245 ## - TITLE STATEMENT | |
| Title | Interest rates in Kenya |
| Remainder of title | Report of a joint IPAR/ICPAK seminar Held at Safari Park Hotel, Nairobi on 3rd April 1997 |
| 260 ## - PUBLICATION, DISTRIBUTION, ETC. (IMPRINT) | |
| Place of publication, distribution, etc. | Nairobi |
| Name of publisher, distributor, etc. | Institute of policy Analysis and research |
| Date of publication, distribution, etc. | 1997 |
| 300 ## - PHYSICAL DESCRIPTION | |
| Extent | 46p |
| 942 ## - ADDED ENTRY ELEMENTS (KOHA) | |
| Source of classification or shelving scheme | Dewey Decimal Classification |
| Koha item type | Books |
| Withdrawn status | Lost status | Source of classification or shelving scheme | Damaged status | Not for loan | Home library | Current library | Date acquired | Total Checkouts | Full call number | Barcode | Date last seen | Price effective from | Koha item type |
|---|---|---|---|---|---|---|---|---|---|---|---|---|---|
| Dewey Decimal Classification | County Hall Archives | County Hall Archives | 06/26/2023 | 332.82 KIM | 10009641 | 06/26/2023 | 06/26/2023 | Books | |||||
| Dewey Decimal Classification | County Hall Archives | County Hall Archives | 06/26/2023 | 332.82 KIM | 10010426 | 06/26/2023 | 06/26/2023 | Books | |||||
| Dewey Decimal Classification | County Hall Archives | County Hall Archives | 06/26/2023 | 332.82 KIM | 10009640 | 06/26/2023 | 06/26/2023 | Books |
